<?xml version="1.0" encoding="UTF-8"?><?xml-stylesheet type="text/xsl" href="static/style.xsl"?><OAI-PMH xmlns="http://www.openarchives.org/OAI/2.0/" xmlns:xsi="http://www.w3.org/2001/XMLSchema-instance" xsi:schemaLocation="http://www.openarchives.org/OAI/2.0/ http://www.openarchives.org/OAI/2.0/OAI-PMH.xsd"><responseDate>2026-06-01T12:31:44Z</responseDate><request verb="GetRecord" identifier="oai:riuma.uma.es:10630/10789" metadataPrefix="marc">https://riuma.uma.es/rest/oai/request</request><GetRecord><record><header><identifier>oai:riuma.uma.es:10630/10789</identifier><datestamp>2026-02-03T12:06:50Z</datestamp><setSpec>com_10630_2254</setSpec><setSpec>col_10630_37959</setSpec></header><metadata><record xmlns="http://www.loc.gov/MARC21/slim" xmlns:dcterms="http://purl.org/dc/terms/" xmlns:doc="http://www.lyncode.com/xoai" xmlns:xsi="http://www.w3.org/2001/XMLSchema-instance" xsi:schemaLocation="http://www.loc.gov/MARC21/slim http://www.loc.gov/standards/marcxml/schema/MARC21slim.xsd">
   <leader>00925njm 22002777a 4500</leader>
   <datafield ind2=" " ind1=" " tag="042">
      <subfield code="a">dc</subfield>
   </datafield>
   <datafield ind2=" " ind1=" " tag="720">
      <subfield code="a">González-González, María Marta</subfield>
      <subfield code="e">author</subfield>
   </datafield>
   <datafield ind2=" " ind1=" " tag="260">
      <subfield code="c">2015-12-10</subfield>
   </datafield>
   <datafield ind2=" " ind1=" " tag="520">
      <subfield code="a">La pareja de hermanos Sueño y Muerte (Hypnos y Thánatos), con una personificación mayor del primero que del segundo, aparece ya en los poemas homéricos. La iconografía está bastante fijada a finales del s. IV a.C. y, gracias a las representaciones en la pintura de vasos, es especialmente célebre el episodio en el que los dos hermanos retiran del campo de batalla el cadáver de Sarpedón.&#xd;
En el texto de Plutarco Consolatio ad Apollonium 107C-107E no estamos ante un simple recurso poético basado en la imagen mítica de los gemelos hijos de la Noche. Se trata de algo diferente, entre comparación e identificación, y supone unas creencias escatológicas que permiten al autor establecer la conexión entre Hypnos y Thánatos contando con un tercer elemento: Psyche.</subfield>
   </datafield>
   <datafield ind1="8" ind2=" " tag="024">
      <subfield code="a">http://hdl.handle.net/10630/10789</subfield>
   </datafield>
   <datafield tag="653" ind2=" " ind1=" ">
      <subfield code="a">Plutarco - Crítica e interpretación</subfield>
   </datafield>
   <datafield ind2="0" ind1="0" tag="245">
      <subfield code="a">Hypnos y Thánatos: la muerte como sueño en la Consolatio ad Apollonium</subfield>
   </datafield>
</record>
</metadata></record></GetRecord></OAI-PMH>